Reese Witherspoon Movies - Sudden Death - Statistics

General Stats
  • This quiz has been taken 188 times
  • The average score is 7 of 16
Answers on the Grid
Answers color-coded by a green-red scale on the quiz's grid according to % correct below.
Varsity Blues
The Man in the Moon
Water for Elephants
Fear
Downsizing
I, Tonya
Pleasantville
Bombshell
Can’t Hardly Wait
Legally Blonde
Boogie Nights
Just Like Heaven
A Time to Kill
Election
I Know What You Did Last Summer
Cruel Intentions
Freeway
Panic Room
Clueless
American Psycho
Wild
She’s All That
Gone Girl
A Far Off Place
Freedom Writers
Walk the Line
54
Jackie
Sweet Home Alabama
A Wrinkle in Time
Blockers
Rendition
 
Answer Stats
Answer % Correct
Legally Blonde
83%
Sweet Home Alabama
71%
Cruel Intentions
60%
Walk the Line
60%
Water for Elephants
59%
Pleasantville
55%
Election
46%
Just Like Heaven
45%
Fear
43%
Wild
43%
The Man in the Moon
40%
American Psycho
26%
A Wrinkle in Time
25%
Freeway
24%
A Far Off Place
17%
Rendition
16%
No matching quizzes found
Score Distribution
Percent of People with Each Score
Percentile by Number Answered
Your Score History
You have not taken this quiz